[Event "Charleroi op"]
[Site "Charleroi"]
[Date "2016.08.01"]
[Round "4"]
[White "Van Mechelen, Jan"]
[Black "Gilles, Jean Claude"]
[Result "1-0"]
[WhiteElo "2249"]
[BlackElo "1998"]
[PlyCount "81"]
[EventDate "2016.07.30"]
[EventType "swiss"]
[EventRounds "9"]
[EventCountry "BEL"]
[SourceTitle "CBM 173 Extra"]
[Source "ChessBase"]
[SourceDate "2016.08.29"]
[SourceVersion "1"]
[SourceVersionDate "2016.08.29"]
[SourceQuality "1"]

1. d4 Nf6 2. c4 e6 3. Nf3 b6 4. g3 Bb7 5. Bg2 Bb4+ 6. Bd2 Bxd2+ 7. Qxd2 0-0 8. Nc3 d6 9. Qc2 Nbd7 10. 0-0 a6 11. Rad1 Ra7 12. d5 e5 13. e4 a5 14. b3 Re8 15. a3 Nf8 16. Ne1 Bc8 17. Nd3 Bg4 18. f3 Bd7 19. b4 axb4 20. axb4 Qe7 21. Ra1 Rea8 22. Rxa7 Rxa7 23. f4 exf4 24. gxf4 Ng4 25. Qe2 Qf6 26. e5 dxe5 27. Ne4 Qh4 28. h3 Nh6 29. fxe5 Ng6 30. c5 bxc5 31. bxc5 Bxh3 32. Bxh3 Qxh3 33. d6 Qe6 34. Ng5 Qd7 35. Nxf7 Nxf7 36. e6 Qa4 37. exf7+ Kf8 38. Qe7+ Nxe7 39. dxe7+ Kxe7 40. f8Q+ Ke6 41. Qf7# 1-0

[Event "Rhein Main op-A 14th"]
[Site "Bad Homburg"]
[Date "2011.06.25"]
[Round "6"]
[White "Gilles, Jean Claude"]
[Black "Seehaus, Bernhard"]
[Result "1-0"]
[WhiteElo "1975"]
[BlackElo "2109"]
[PlyCount "73"]
[EventDate "2011.06.22"]
[EventType "swiss"]
[EventRounds "7"]
[EventCountry "GER"]
[SourceTitle "EXT 2012"]
[Source "ChessBase"]
[SourceDate "2011.11.24"]
[SourceVersion "1"]
[SourceVersionDate "2011.11.24"]
[SourceQuality "1"]

1. d4 d6 2. Nf3 Bg4 3. e4 Nf6 4. Nc3 c6 5. Be2 e6 6. 0-0 d5 7. Ne5 Bxe2 8. Qxe2 dxe4 9. Rd1 Nbd7 10. Nxd7 Qxd7 11. Nxe4 Be7 12. Nxf6+ Bxf6 13. Bf4 0-0-0 14. c3 Qd5 15. b4 g5 16. c4 Qf5 17. Be5 Bxe5 18. Qxe5 Qxe5 19. dxe5 c5 20. b5 Rd4 21. Rxd4 cxd4 22. Kf1 Kc7 23. Ke2 Kb6 24. Kd3 Kc5 25. a4 Rg8 26. a5 g4 27. a6 b6 28. Re1 h5 29. Re4 Rd8 30. Rf4 Rd7 31. g3 f5 32. exf6 Rf7 33. Rxd4 Rxf6 34. Rf4 Rh6 35. Rf7 e5 36. Rxa7 Rd6+ 37. Kc3 1-0

[Event "Rhein Main op 13th"]
[Site "Bad Homburg"]
[Date "2010.06.06"]
[Round "7"]
[White "Gilles, Jean Claude"]
[Black "Von Auer, Ulrich"]
[Result "1/2-1/2"]
[WhiteElo "1979"]
[BlackElo "2108"]
[PlyCount "78"]
[EventDate "2010.06.02"]
[EventType "swiss"]
[EventRounds "7"]
[EventCountry "GER"]
[SourceTitle "EXT 2011"]
[Source "ChessBase"]
[SourceDate "2010.11.26"]
[SourceVersion "1"]
[SourceVersionDate "2010.11.26"]
[SourceQuality "1"]

1. d4 Nf6 2. c4 g6 3. g3 Bg7 4. Bg2 0-0 5. Nc3 d6 6. Nf3 Nbd7 7. 0-0 e5 8. e4 c6 9. h3 Qb6 10. d5 cxd5 11. cxd5 Nc5 12. Ne1 Bd7 13. Nd3 Nxd3 14. Qxd3 a6 15. Be3 Qa5 16. a3 Rfc8 17. Rfc1 Qd8 18. Kh2 h5 19. Qd2 Kh7 20. Bg5 Qf8 21. Bf1 Bh6 22. Bd3 Bxg5 23. Qxg5 Kg7 24. Qe3 Qe7 25. Rf1 h4 26. Kg2 hxg3 27. fxg3 Rh8 28. Rh1 Rh7 29. Nd1 Nh5 30. Be2 f5 31. Bxh5 Rxh5 32. Nf2 Rf8 33. g4 fxg4 34. hxg4 Rxh1 35. Rxh1 Qf6 36. Qh6+ Kf7 37. g5 Qg7 38. Qxg7+ Kxg7 39. Rc1 Rc8 1/2-1/2

[Event "BEL FEFB-ch op"]
[Site "Fontaine l'Eveque"]
[Date "2010.05.15"]
[Round "5"]
[White "Gilles, Jean Claude"]
[Black "Callier, Christophe"]
[Result "1/2-1/2"]
[WhiteElo "1948"]
[BlackElo "2011"]
[PlyCount "86"]
[EventDate "2010.05.12"]
[EventType "swiss"]
[EventRounds "7"]
[EventCountry "BEL"]
[SourceTitle "EXT 2019"]
[Source "ChessBase"]
[SourceDate "2018.10.10"]
[SourceVersion "1"]
[SourceVersionDate "2018.10.10"]
[SourceQuality "1"]

1. d4 Nf6 2. c4 g6 3. g3 Bg7 4. Bg2 0-0 5. Nc3 d6 6. Nf3 Nbd7 7. 0-0 e5 8. d5 a6 9. e4 b5 10. cxb5 axb5 11. b4 Nb6 12. Re1 Bd7 13. Nd2 Na4 14. Nxa4 Rxa4 15. a3 Bh6 16. Bb2 Qb8 17. Nb3 Ra6 18. Na5 Qb6 19. Bc1 Bxc1 20. Rxc1 Kg7 21. Rc3 Raa8 22. Qd2 Ng8 23. g4 Nf6 24. Bf3 h6 25. Rec1 Rac8 26. Nc6 Rfe8 27. Kg2 Ra8 28. h3 Kf8 29. Qd3 Rec8 30. Qe3 Qxe3 31. Rxe3 Ra6 32. Na5 Ng8 33. Be2 Ne7 34. Rec3 Ra7 35. f3 g5 36. Kg3 Ng6 37. Bf1 Nf4 38. R1c2 Ke8 39. Rh2 Ng6 40. Rhc2 Kd8 41. Rd2 Rb8 42. Rdc2 Rb6 43. Rd2 Rb8 1/2-1/2

[Event "BEL FEFB-ch op"]
[Site "Fontaine l'Eveque"]
[Date "2010.05.14"]
[Round "4"]
[White "Degembe, Pierre"]
[Black "Gilles, Jean Claude"]
[Result "1/2-1/2"]
[WhiteElo "2029"]
[BlackElo "1948"]
[PlyCount "78"]
[EventDate "2010.05.12"]
[EventType "swiss"]
[EventRounds "7"]
[EventCountry "BEL"]
[SourceTitle "EXT 2019"]
[Source "ChessBase"]
[SourceDate "2018.10.10"]
[SourceVersion "1"]
[SourceVersionDate "2018.10.10"]
[SourceQuality "1"]

1. c4 e5 2. g3 Nc6 3. Bg2 f5 4. Nc3 Nf6 5. d3 Bb4 6. e3 Bxc3+ 7. bxc3 0-0 8. Ne2 Qe8 9. 0-0 Kh8 10. f4 e4 11. Nd4 d6 12. Nb5 Rf7 13. d4 Na5 14. Qe2 Qc6 15. Na3 b6 16. d5 Qc5 17. Rd1 Ba6 18. Rd4 Nxd5 19. Bf1 Nf6 20. Nc2 Qc6 21. Na3 Qe8 22. h3 d5 23. g4 c5 24. Rd1 Bxc4 25. Nxc4 dxc4 26. g5 Ng8 27. Qh5 Re7 28. Qxe8 Raxe8 29. Bb2 g6 30. Rd5 Kg7 31. Rad1 Rc7 32. a4 Ree7 33. h4 h5 34. Be2 Rf7 35. Rd6 Ne7 36. Kf2 Nec6 37. Ke1 Nb8 38. Rd8 Nbc6 39. R8d6 Nb8 1/2-1/2

[Event "BEL FEFB-ch op"]
[Site "Fontaine l'Eveque"]
[Date "2010.05.13"]
[Round "2"]
[White "Dewinck, Bernard"]
[Black "Gilles, Jean Claude"]
[Result "0-1"]
[WhiteElo "1817"]
[BlackElo "1948"]
[PlyCount "66"]
[EventDate "2010.05.12"]
[EventType "swiss"]
[EventRounds "7"]
[EventCountry "BEL"]
[SourceTitle "EXT 2019"]
[Source "ChessBase"]
[SourceDate "2018.10.10"]
[SourceVersion "1"]
[SourceVersionDate "2018.10.10"]
[SourceQuality "1"]

1. e4 Nf6 2. e5 Nd5 3. d4 d6 4. c4 Nb6 5. f4 dxe5 6. fxe5 c5 7. d5 g6 8. Nf3 Bg7 9. Bf4 0-0 10. Nc3 e6 11. Be2 exd5 12. cxd5 Bg4 13. 0-0 N8d7 14. Ng5 Bxe2 15. Qxe2 Nxe5 16. Bxe5 Qxg5 17. Bxg7 Kxg7 18. Qf3 Nc4 19. Ne4 Qe3+ 20. Rf2 Qxf3 21. Rxf3 b6 22. Raf1 Rad8 23. Ng5 Ne5 24. Rf6 h6 25. Ne4 Ng4 26. Rd6 Rxd6 27. Nxd6 Ne3 28. Re1 Nxd5 29. b3 Rd8 30. Nc4 Rd7 31. Kf2 Re7 32. Rb1 Nc3 33. Rb2 Nd1+ 0-1

[Event "BEL FEFB-ch op"]
[Site "Fontaine l'Eveque"]
[Date "2009.06.01"]
[Round "6"]
[White "Sohet, Cedric"]
[Black "Gilles, Jean Claude"]
[Result "0-1"]
[WhiteElo "1618"]
[BlackElo "1887"]
[PlyCount "52"]
[EventDate "2009.05.29"]
[EventType "swiss"]
[EventRounds "7"]
[EventCountry "BEL"]
[SourceTitle "EXT 2012"]
[Source "ChessBase"]
[SourceDate "2011.11.24"]
[SourceVersion "1"]
[SourceVersionDate "2011.11.24"]
[SourceQuality "1"]

1. e4 c5 2. c3 d5 3. d3 e5 4. Nf3 Nc6 5. Nbd2 Nf6 6. exd5 Qxd5 7. Nc4 Bg4 8. Be2 0-0-0 9. Bg5 Qe6 10. Qc2 Bf5 11. 0-0-0 Be7 12. Rhe1 Nd5 13. Bxe7 Qxe7 14. g3 Kb8 15. Kb1 Qc7 16. Nh4 Be6 17. Bf3 f6 18. Ng2 Rd7 19. Nf4 Nxf4 20. gxf4 Bxc4 21. dxc4 Rxd1+ 22. Rxd1 exf4 23. Bxc6 Qxc6 24. Rd5 Qe6 25. Qd2 Qe4+ 26. Kc1 a6 0-1

[Event "BEL FEFB-ch op"]
[Site "Fontaine l'Eveque"]
[Date "2009.05.31"]
[Round "4"]
[White "Porteman, Eric"]
[Black "Gilles, Jean Claude"]
[Result "0-1"]
[WhiteElo "1957"]
[BlackElo "1887"]
[PlyCount "118"]
[EventDate "2009.05.29"]
[EventType "swiss"]
[EventRounds "7"]
[EventCountry "BEL"]
[SourceTitle "EXT 2012"]
[Source "ChessBase"]
[SourceDate "2011.11.24"]
[SourceVersion "1"]
[SourceVersionDate "2011.11.24"]
[SourceQuality "1"]

1. c4 f5 2. Nc3 Nf6 3. g3 g6 4. Bg2 Bg7 5. e3 d6 6. Nge2 0-0 7. 0-0 c6 8. Rb1 e5 9. d3 Qe8 10. b4 a6 11. a4 g5 12. f4 exf4 13. exf4 Ng4 14. Rf3 gxf4 15. gxf4 Rf7 16. h3 Nf6 17. Bb2 Nbd7 18. Qd2 Nf8 19. Re3 Re7 20. Rxe7 Qxe7 21. Re1 Bd7 22. b5 axb5 23. axb5 Re8 24. Kf2 Nh5 25. Kf1 Ng6 26. bxc6 bxc6 27. d4 Bh6 28. Bc1 Qh4 29. Qd1 Ngxf4 30. Bxf4 Bxf4 31. Nxf4 Rxe1+ 32. Qxe1 Qxe1+ 33. Kxe1 Nxf4 34. Bf1 Kf7 35. Kf2 Kf6 36. Ke3 Ng6 37. Kf2 Kg5 38. Kg3 f4+ 39. Kf3 Nh4+ 40. Kf2 Bf5 41. d5 cxd5 42. cxd5 Kf6 43. Nb5 Ke5 44. Nc7 Be4 45. Bc4 Nf5 46. Ne6 Ne3 47. Bb3 Bxd5 48. Bxd5 Nxd5 49. Ng5 Nf6 50. Kf3 Kf5 51. Nf7 d5 52. Nd6+ Ke6 53. Nb5 Ke5 54. Nc3 Ne4 55. Ne2 Ng5+ 56. Kg4 Ne6 57. h4 d4 58. Ng1 Ke4 59. h5 Ke3 0-1

[Event "Charleroi-ch"]
[Site "Charleroi"]
[Date "1996.12.21"]
[Round "?"]
[White "Piacentini, Claudio"]
[Black "Gilles, Jean Claude"]
[Result "1-0"]
[WhiteElo "2176"]
[BlackElo "2164"]
[PlyCount "127"]
[EventDate "1996.09.21"]
[EventType "tourn"]
[EventRounds "9"]
[EventCountry "BEL"]
[SourceTitle "EXT 2007"]
[Source "ChessBase"]
[SourceDate "2006.11.23"]
[SourceVersion "1"]
[SourceVersionDate "2006.11.23"]
[SourceQuality "1"]

1. e4 c5 2. Nf3 e6 3. d4 cxd4 4. Nxd4 Qb6 5. c3 Nf6 6. Nd2 d5 7. exd5 exd5 8. Bb5+ Bd7 9. Qe2+ Kd8 10. 0-0 Nc6 11. Bxc6 bxc6 12. N2f3 c5 13. Ne5 cxd4 14. Nxf7+ Kc8 15. Nxh8 Qe6 16. Qc2 d3 17. Qxd3 Bc6 18. Bg5 Ne4 19. Bh4 Kb7 20. Rad1 Bd6 21. Rfe1 Rxh8 22. Rxe4 Bxh2+ 23. Kxh2 Qxe4 24. Qxe4 dxe4 25. Rd8 Rxd8 26. Bxd8 Bd5 27. b3 Kc8 28. Be7 Kd7 29. Bf8 g6 30. Kg3 Ke6 31. Kf4 h5 32. c4 Bc6 33. Bc5 a6 34. g3 Kf6 35. Bd4+ Ke6 36. a3 Bb7 37. b4 Bc6 38. Bc3 Ba4 39. Kxe4 g5 40. Bd2 Bc6+ 41. Ke3 Kf5 42. f3 Ke6 43. Be1 Ba4 44. Bf2 Ke5 45. Be1 Bb3 46. Bc3+ Ke6 47. Kd4 Kd6 48. Bd2 Bd1 49. f4 gxf4 50. gxf4 Bc2 51. Be1 Kc6 52. Bg3 Kb6 53. Kd5 Bd3 54. a4 Bc2 55. a5+ Kb7 56. b5 axb5 57. cxb5 Bd3 58. Kc5 Be4 59. a6+ Ka7 60. Bf2 Bd3 61. Kc6+ Kb8 62. a7+ Ka8 63. b6 Be4+ 64. Kc7 1-0